LEADER 01982nam 22004933u 450 001 9910455207003321 005 20210107033937.0 010 $a0-203-18989-2 035 $a(CKB)111056485545432 035 $a(EBL)168505 035 $a(OCoLC)49569862 035 $a(MiAaPQ)EBC168505 035 $a(EXLCZ)99111056485545432 100 $a20130418d2012|||| u|| | 101 0 $aeng 135 $aur|n|---||||| 200 10$aEthics and the Built Environment$b[electronic resource] 210 $aHoboken $cTaylor and Francis$d2012 215 $a1 online resource (257 p.) 225 1 $aProfessional Ethics 300 $aDescription based upon print version of record. 311 $a0-415-23877-3 327 $aBook Cover; Title; Copyright; CONTENTS 330 $aMuch has been written in recent years on environmental ethics relating to the more general 'natural' environment but little specifically written about ethics of the built environment. Ethics and the Built Environment responds to this need and offers a debate on the ethical dimension of building in all its forms from a variety of disciplinary perspectives and approaches.This book should be of interest to architects, students of building and building design, environmentalists, politicians and general readers with an interest in ethics. 410 0$aProfessional Ethics 606 $aArchitecture 606 $aArchitecture - Environmental aspects 606 $aArchitecture and society 606 $aEnvironmental ethics 608 $aElectronic books. 615 4$aArchitecture. 615 4$aArchitecture - Environmental aspects. 615 4$aArchitecture and society. 615 4$aEnvironmental ethics. 676 $a174.972 676 $a720/.47 700 $aFox$b Warwick$0881592 801 0$bAU-PeEL 801 1$bAU-PeEL 801 2$bAU-PeEL 906 $aBOOK 912 $a9910455207003321 996 $aEthics and the Built Environment$92001554 997 $aUNINA LEADER 00926nam a2200253 i 4500 001 991000896159707536 008 s2004 it 000 0 ita d 020 $a8842072680 035 $ab13289640-39ule_inst 040 $aDip. SSC$bita 082 0 $a300.723 100 1 $aNatale, Paolo$0117603 245 13$aIl sondaggio /$cPaolo Natale 260 $aRoma [etc.] :$bLaterza,$c2004 300 $a145 p. ;$c21 cm 440 0$aLibri del tempo Laterza ;$v360 650 4$aInchieste sociali$xMetodi 907 $a.b13289640$b10-10-08$c11-03-05 912 $a991000896159707536 945 $aLE021 SOC24BISB61$g1$i2021000132810$lle021$nZa$o-$pE0.00$q-$rl$s- $t0$u1$v0$w1$x0$y.i14027136$z11-03-05 945 $aLE021 SOC22D97$g2$i2021000132308$lle021$nSpedicato$o-$pE0.00$q-$rl$s- $t0$u0$v0$w0$x0$y.i14054371$z21-04-05 996 $aSondaggio$9757890 997 $aUNISALENTO 998 $ale021$b11-03-05$cm$d- $e-$fita$git $h3$i0